000 00684nam a2200277Ia 4500
005 20260324144529.0
008 008 260324s9999 xx 000 0 eng d
020 _a9780203976319
037 _aEBOOK
040 _aCRL
040 _beng
040 _cCRL
041 _2eng
041 _aeng
084 _qCRL
100 _aJames S. Grotstein; Charles Ashbach; Victor L. Schermer
_91219662
245 0 _aObject Relations, The Self and the Group
260 _bTaylor and Francis
260 _c1987
365 _a
365 _b195
856 _uhttp://www.taylorfrancis.com/books/9780203976319
942 _cEBOOK
999 _c1826387
_d1826387